000 00743nam a2200253Ia 4500
003 OSt
005 20220924113057.0
006 a|||||r|||| 00| 0
007 ta
008 220923b |||||||| |||| 00| 0 eng d
024 _a56372
037 _cDictionary
040 _aARTS
_cARTS
_beng
041 _2eng
_aeng
082 _aP123:4k, 111K6;M0
110 _aCassell's Spanish English
_9169418
245 0 _aEnglish Spanish dictionary Revised by Anthony Gooch and Angel Garcia de Paredes
260 _aN
_byork MacMillan
_c1980
300 _axxv, 1107p.
_ccm.
650 _aLINGUISTICS
700 _aCassell's Spanish English
_9169419
942 _hP123:4k, 111K6;M0
_cdic
_2cc
999 _c389156
_d389156